| 000 -LEADER |
| fixed length control field |
03115cam a22004577i 4500 |
| 001 - CONTROL NUMBER |
| control field |
19667305 |
| 005 - DATE AND TIME OF LATEST TRANSACTION |
| control field |
20250821154239.0 |
| 008 - FIXED-LENGTH DATA ELEMENTS--GENERAL INFORMATION |
| fixed length control field |
170527s2017 maua 001 0 eng d |
| 010 ## - LIBRARY OF CONGRESS CONTROL NUMBER |
| LC control number |
2017286240 |
| 020 ## - INTERNATIONAL STANDARD BOOK NUMBER |
| International Standard Book Number |
9780544520585 |
| Qualifying information |
(paperback) |
| 020 ## - INTERNATIONAL STANDARD BOOK NUMBER |
| International Standard Book Number |
0544520580 |
| Qualifying information |
(paperback) |
| 035 ## - SYSTEM CONTROL NUMBER |
| System control number |
19667305 |
| 035 ## - SYSTEM CONTROL NUMBER |
| System control number |
(OCoLC)932050527 |
| 040 ## - CATALOGING SOURCE |
| Original cataloging agency |
YDXCP |
| Language of cataloging |
eng |
| Transcribing agency |
YDXCP |
| Description conventions |
rda |
| Modifying agency |
BTCTA |
| -- |
BDX |
| -- |
OCLCQ |
| -- |
ZQP |
| -- |
ORX |
| -- |
IGA |
| -- |
ILC |
| -- |
OCLCF |
| -- |
VP@ |
| -- |
NSHS |
| 042 ## - AUTHENTICATION CODE |
| Authentication code |
lccopycat |
| 050 00 - LIBRARY OF CONGRESS CALL NUMBER |
| Classification number |
RA784 |
| Item number |
.D889 2017 |
| 082 04 - DEWEY DECIMAL CLASSIFICATION NUMBER |
| Classification number |
613.2 |
| Author Mark |
DUY |
| 100 1# - MAIN ENTRY--PERSONAL NAME |
| Personal name |
Duyff, Roberta Larson, |
| Relator term |
author. |
| 9 (RLIN) |
63699 |
| 245 10 - TITLE STATEMENT |
| Title |
Academy of Nutrition and Dietetics complete food and nutrition guide/ |
| Statement of responsibility, etc. |
Roberta Larson Duyff, MS, RDN, FAND, CFCS. |
| 246 30 - VARYING FORM OF TITLE |
| Title proper/short title |
Complete food and nutrition guide |
| 250 ## - EDITION STATEMENT |
| Edition statement |
Fifth edition. |
| 260 ## - PUBLICATION, DISTRIBUTION, ETC. |
| Place of publication, distribution, etc. |
Boston ; |
| -- |
New York : |
| Name of publisher, distributor, etc. |
Houghton Mifflin Harcourt, |
| Date of publication, distribution, etc. |
2017 |
| 300 ## - PHYSICAL DESCRIPTION |
| Extent |
xii, 802 pages : |
| Other physical details |
illustrations ; |
| Dimensions |
26 cm |
| 336 ## - CONTENT TYPE |
| Content type term |
text |
| Content type code |
txt |
| Source |
rdacontent |
| 337 ## - MEDIA TYPE |
| Media type term |
unmediated |
| Media type code |
n |
| Source |
rdamedia |
| 338 ## - CARRIER TYPE |
| Carrier type term |
volume |
| Carrier type code |
nc |
| Source |
rdacarrier |
| 500 ## - GENERAL NOTE |
| General note |
"Completely updated & revised"--Cover. |
| 505 0# - FORMATTED CONTENTS NOTE |
| Formatted contents note |
Introduction -- Wellness: eat smart, get active, live well. Making your food and lifestyle choices count ; Plan smart to eat smart ; Make quick, easy meals and snacks ; Think your drinks -- Food and nutrition: choices in the marketplace. Producing your food ; Shop with nutrition savvy ; Keep your food safe ; Cook for flavor and health ; Eat smart away from home ; Use supplements wisely -- Nutrients: what's inside your food. Carbs: sugars, starches, and fiber ; Protein power ; Fat facts ; Vitamins and minerals ; Water, "phytos," and probiotics -- Food: for every age and every stage. Give your baby a health start ; Help kids grow up healthy ; Manage women's unique nutrition concerns ; Manage men's nutrition issues ; Eat healthy beyond midlife ; Eat smart for sports -- Smart eating: preventing and managing health issues. Reach and maintain your healthy weight ; Cope with food allergies and other food sensitivities ; Manage cardiovascular disease, diabetes, and cancer ; Manage other diet-related health issues -- Resources for healthy eating. Keep "well" informed. |
| 520 ## - SUMMARY, ETC. |
| Summary, etc. |
The choices you make every day about food and nutrition really do matter. They impact your health and well-being now and throughout your life. Duyff provides sound, positive, and practice advice for you and your family, at every age and stage of life. |
| 546 ## - LANGUAGE NOTE |
| Language note |
In English |
| 590 ## - LOCAL NOTE (RLIN) |
| Local note |
NBL010825 |
| 650 #0 - SUBJECT ADDED ENTRY--TOPICAL TERM |
| Topical term or geographic name entry element |
Nutrition |
| Form subdivision |
Popular works. |
| 9 (RLIN) |
90827 |
| 650 #7 - SUBJECT ADDED ENTRY--TOPICAL TERM |
| Topical term or geographic name entry element |
HEALTH & FITNESS / Diet & Nutrition / Nutrition. |
| Source of heading or term |
bisacsh |
| 9 (RLIN) |
130394 |
| 650 #7 - SUBJECT ADDED ENTRY--TOPICAL TERM |
| Topical term or geographic name entry element |
Nutrition. |
| Source of heading or term |
fast |
| Authority record control number or standard number |
(OCoLC)fst01042187 |
| 9 (RLIN) |
37332 |
| 655 #7 - INDEX TERM--GENRE/FORM |
| Genre/form data or focus term |
Popular works. |
| Source of term |
fast |
| Authority record control number |
(OCoLC)fst01423846 |
| 9 (RLIN) |
25910 |
| 710 2# - ADDED ENTRY--CORPORATE NAME |
| Corporate name or jurisdiction name as entry element |
Academy of Nutrition and Dietetics. |
| 9 (RLIN) |
130395 |
| 906 ## - LOCAL DATA ELEMENT F, LDF (RLIN) |
| a |
7 |
| b |
cbc |
| c |
copycat |
| d |
2 |
| e |
ncip |
| f |
20 |
| g |
y-gencatlg |
| 942 ## - ADDED ENTRY ELEMENTS (KOHA) |
| Source of classification or shelving scheme |
|
| Koha item type |
Book |